Undercurrents: episodes from a life on the edge

Gespeichert in:
Bibliographische Detailangaben
Hauptverfasser: Ishihara, Shintaro (VerfasserIn), Lammers, Wayne P (VerfasserIn)
Format: Buch
Sprache:Englisch
Veröffentlicht: Tokio Kodansha International 2005
Ausgabe:1a. ed
Schlagworte:
Tags: Tag hinzufügen
Keine Tags, Fügen Sie den ersten Tag hinzu!

MARC

LEADER 00000nam a2200000 a 4500
001 UCI0989
003 CL-VaPUC
008 070608e20050000JA |||||||||||||||||eng|d
020 |a 9784770030378 
082 0 4 |a 923.2  |b ISH  |2 21 
100 |a Ishihara, Shintaro  |e author  |9 521272 
700 0 |a Lammers, Wayne P  |e author  |9 521273 
245 1 0 |a Undercurrents: episodes from a life on the edge 
250 |a 1a. ed 
300 |a 255 p 
942 |c BK 
945 |d 20070608 00:00:00  |a jtorresc 
260 |a Tokio  |b Kodansha International  |c 2005 
600 0 |a Ishihara, Shintaro   |d 1932-  |9 521274 
650 7 |a POLITICOS - BIOGRAFIAS  |2 CL-VaPUC  |9 464014 
650 7 |a BIOGRAFIA  |2 CL-VaPUC  |9 504622 
651 0 |a Japón   |9 260391 
583 |a last modification  |c 20150327 10:37:02  |k Rodrigo Vera 
999 |c 325939  |d 325937 
952 |0 0  |1 0  |4 0  |6 923_200000000000000_ISH_2005  |7 0  |8 A  |9 407456  |a BIBGIM  |b BIBGIM  |d 2019-11-22  |i 4244397  |o 923.2 ISH 2005  |p 4244397  |r 2025-01-15  |w 2019-11-22  |y BK  |k ORI